Návrh a implementácia PLC a HMI programu pre spájací stroj tretej generácie podľa požiadaviek zadávateľa

Saved in:
Bibliographic Details
Main Author: Puschenreiter, Tadeáš (Author)
Other Authors: Németh, Martin (Thesis advisor)
Format: Manuscript Book
Language:Slovak
Published: 2019
Subjects:
Online Access:http://is.stuba.sk/zp/portal_zp.pl?podrobnosti=146811
Tags: Add Tag
No Tags, Be the first to tag this record!

MARC

LEADER 00000ntm a22000003a 4500
001 stuzp71993
003 SK-STU
005 20190615211723.4
007 ta
008 150427s2015----xo-----f-mn---000-0-slo-d
040 |a STU  |b slo 
041 0 |a slo 
100 1 |a Puschenreiter, Tadeáš  |u 066000  |k Z4  |4 aut  |U MTF Materiálovotechnologická fakulta  |T MTF Ústav aplikovanej informatiky, automatizácie a mechatroniky  |X 52959  |U M6000  |Y 86  |7 52959 
242 0 1 |a Design and implementation of the PLC and HMI software for third generation splicing machine based on given requirements  |y eng 
245 1 0 |a Návrh a implementácia PLC a HMI programu pre spájací stroj tretej generácie podľa požiadaviek zadávateľa 
260 |c 2019 
650 4 |a automatizácia  |2 slo 
650 4 |a kvalita  |2 slo 
650 4 |a PLC  |2 slo 
650 4 |a quality  |2 eng 
650 4 |a automatization  |2 eng 
650 4 |a PLC  |2 eng 
700 1 |a Németh, Martin  |u 066000  |k Z1  |4 ths  |U MTF Materiálovotechnologická fakulta  |T MTF Ústav aplikovanej informatiky, automatizácie a mechatroniky  |X 57258  |U M6000  |Y 86  |7 A000057258 
856 4 |u http://is.stuba.sk/zp/portal_zp.pl?podrobnosti=146811 
996 |b .  |c M* DP-13887  |l MMSKP  |s P  |a 0  |w stuzp71993_0001